000 00598nam a2200229Ia 4500
003 OSt
005 20220918183212.0
006 a|||||r|||| 00| 0
007 ta
008 220917b |||||||| |||| 00| 0 eng d
024 _a36,738
037 _cTextual
040 _aARTS
_cARTS
_beng
041 _2eng
_aeng
082 _aO121:1G65:90Q7, F6
100 _aAsin M
_962253
245 0 _aIslam and the divine comedy tr by Harold Sunderland
260 _c1926
650 _aENGLISH LITERATURE
942 _hO121:1G65:90Q7, F6
_cTEXL
_2CC
999 _c171846
_d171846